Music Quiz

Random Music or Album Quiz

First Word Albums Quiz Stats

 Plays Quiz Updated Dec 27, 2018

Support Sporcle.
Go Orange.
Score 0/30 Timer 04:00
0 Plays Today
First Word % Correct
Purple
94.8%
Like
94.1%
Oops!
93.8%
No
92.3%
Wish
91.8%
Straight
88.7%
Abbey
88.1%
Back
87.8%
American
87.3%
London
81.7%
How
81.3%
Born
76.9%
Goodbye
76.2%
Who's
72.1%
Jagged
71.2%
First Word % Correct
Master
66%
Blonde
66%
Pet
61%
Teenage
58.3%
Talk
57.1%
Off
56.8%
Coat
54.5%
Houses
47.9%
After
45.9%
Exile
43%
Ready
32.2%
Licensed
30.6%
Late
27.8%
Unorthodox
12.5%
Dangerously
10.9%

You're not logged in!

Compare scores with friends on all Sporcle quizzes.
OR
Log In
Forgot?

From the Vault

Almost Useless Holiday Trivia

by bhenderson79

Holiday 5m
It's not as useless as half the holiday gifts you receive, though.
Remove Ads.
Support Sporcle.
Get the best of Sporcle when you Go Orange. This ad-free experience offers more features, more stats, and more fun while also helping to support Sporcle. Thank you for becoming a member.

Show Comments

Extras

Top Quizzes Today


Score Distribution

Your Account Isn't Verified!

In order to create a playlist on Sporcle, you need to verify the email address you used during registration. Go to your Sporcle Settings to finish the process.

Report this User

Report this user for behavior that violates our Community Guidelines.

Details: